| 000 | 00505nam a2200181 i 4500 | ||
|---|---|---|---|
| 001 | 142000 | ||
| 003 | ES-MaACL | ||
| 005 | 20230906200424.0 | ||
| 007 | t| | ||
| 008 | 071001s1982 sp ||||1| spa d | ||
| 100 | 1 |
_aWalesa, Lech. _9115909 |
|
| 245 | 1 | 0 |
_aLech Walesa / _c[traducción del polaco, Elena Panteleeva]. |
| 250 | _a[1ª ed.]. | ||
| 260 |
_a[Barcelona] : _bNoguer, _c[1982] |
||
| 300 |
_a180 p. ; _c22 cm. |
||
| 700 | 1 |
_aPanteleeva, Elena. _988822 |
|
| 852 |
_aES-MaACL _jC-27633 _bR.103093 |
||
| 999 |
_c142000 _d142000 |
||